| 000 | 00550nam a22001577a 4500 | ||
|---|---|---|---|
| 999 |
_c533436 _d533436 |
||
| 020 | _qHard Cover. | ||
| 082 | _a624.1 | ||
| 100 | _aMohammad Umair | ||
| 245 |
_aBehavior of Steel Fiber Reinforced High Strength Concrete FRP Confined Columns under Axial Loads / _cMohammad Umair. |
||
| 260 |
_aIslamabad: _bSCEE - NUST, _c2018. |
||
| 300 |
_a77 p. : _bill. ; _c30cm. _e+CD |
||
| 942 |
_2ddc _cTHE |
||
| 650 |
_aStructural Engineering MS-Thesis. _917039 |
||
| 700 |
_aDr. Syed Hassan Farooq _927315 |
||